006860000a220012100045001000023000002450057000233000047000805200277001277730045004049420008004499520090004579990017005471 aGaray, Juan Carlos10aUna heredera inesperada : Una cantaora de otra parte aVol.0, núm.19 (Abril, 2007), Página 38 aAunque nació en Santander y primero cantó bambucos, Diana Hernández parece ser la sucesora de cantaoras como Etelvina Maldonado o Petrona Martínez. Y lo demostró, con creces, en el pasado Festival de Viña del Mar. ¿Quién es esta joven música colombiana?0 tArcadia / Andrés Felipe Solano, Editor cANA 001040708HEMaFUSBCbFUSBCd2016-01-26l0o r2016-01-26 00:00:00w2016-01-26yANA c62101d62101